| 000 | 00481nam a22001817a 4500 | ||
|---|---|---|---|
| 003 | OSt | ||
| 005 | 20230329094434.0 | ||
| 008 | 180920b ||||| |||| 00| 0 eng d | ||
| 020 | _a9780373176618 | ||
| 040 |
_aMMU _beng _cMMU _dMMU _dMMU |
||
| 050 | _aFIC PZ 3 .T43 2010 | ||
| 100 | 1 | _aThayer, Patricia. | |
| 245 | 1 | 4 |
_aThe lionhearted cowboy returns / _cPatricia Thayer. |
| 260 |
_aToronto: _bHarlequin, _c2010. |
||
| 300 | _a184 p. : | ||
| 650 | _aRomance | ||
| 942 |
_2lcc _cFICTION |
||
| 999 |
_c30884 _d30883 |
||